LEADER 01067nam a2200241 4500 001 000000360399 003 CaOOAMICUS 005 20241022104159.0 008 241021s1999 it a 000 u ita r 020 $a88-211-8947-3 040 $aSeMil$bita 100 1 $aDi Stefano, Paolo Maria,$d<1936- >.$0(OLS)http://semarc/name/46367 245 13$aIl grande ponte /$cPaolo Di Stefano ; [prefazione di Franco Buzzi]. 264 1$aGenova :$bMarietti 1820,$c1999. 300 $a131 p. :$bill. ;$c22 cm 700 1 $aBuzzi, Franco,$c.$0(OLS)http://semarc/name/14631 850 $aSeMil 852 $aSeMil$W1$xVenegono$y1$m1B IV 250$j251832$B251421$CSeMilBibl$Z2$F251421 $81 961 $aBuzzi mons. Franco - Omaggio. ? Con dedica autografa dell'autore (Paolo Di Stefano) a mons. Buzzi (22 dicembre 1999) 996 $6020$a88-211-8947-3$9(OLS)http://semarc/number/301600 996 $6245$aIl grande ponte$9(OLS)http://semarc/title/450905 996 $6264$aGenova :$bMarietti 1820$9(OLS)http://semarc/publisher/32400 LEADER 00949nam a2200205 i 4500 001 000000141935 003 CaOOAMICUS 005 20151021000000.0 008 151021n it u000 u ita u 013 $a116691 040 $aSeMil$bita 100 1 $aLanguet de Gercy, Jean Joseph,$c.$0(OLS)http://semarc/name/13525 245 10$aVita della beata Margherita Maria Alacoque religiosa della visitazione /$c[Giovanni Giuseppe Languet]. 260 $a[S.l. :$bs.n.,$c18-?] 300 $a252 p., [1] c. di tav. :$britr. ;$c28 cm. 600 14$aAlacoque, Margherita Maria .$0(OLS)http://semarc/subject/1509 850 $aSeMil 852 $aSeMil$W1$xVenegono$y1$m3H VI 77 FA$j95131$B234234$CSeMilBibl$Z2$F234234 $8I 996 $6245$aVita della beata Margherita Maria Alacoque religiosa della visitazione$9(OLS)http://semarc/title/207489 996 $6260$a[S.l. :$bs.n.$9(OLS)http://semarc/publisher/31686